| 000 | 00960cam a22002413a 4500 | ||
|---|---|---|---|
| 001 | 20448 | ||
| 003 | PGUSA | ||
| 005 | 20140828083431.0 | ||
| 008 | 070125s2007||||xxu|||||s|||||000 | eng d | ||
| 040 |
_aPGUSA _beng |
||
| 042 | _adc | ||
| 050 | 4 | _aQH | |
| 100 | 1 |
_aBurroughs, John, _d1837-1921 |
|
| 245 | 1 | 4 |
_aThe Wit of a Duck and Other Papers _h[electronic resource] / _cJohn Burroughs |
| 260 |
_bProject Gutenberg, _c2007 |
||
| 505 | 0 | _aThe wit of a duck -- An astonished porcupine -- Human traits in the animals -- The downy woodpecker -- A barn-door outlook -- Wild life in winter -- Bird life in winter -- A birds' free lunch -- Bird-nesting time -- A breath of April -- The woodcock's evening hymn -- The coming of summer. | |
| 506 | _aPublic domain in the USA. | ||
| 516 | _aElectronic text | ||
| 653 | _aNatural history -- Outdoor books | ||
| 830 | 0 |
_aProject Gutenberg _v20448 |
|
| 856 | 4 | 0 | _uhttp://www.gutenberg.org/ebooks/20448 |
| 942 | _cEB | ||
| 999 |
_c249703 _d249703 |
||